Summa S. Thomae hodiernis academicarum moribus accommodata, sive cursus theologiae juxta ordinem et litteram D. Thomae in sua suma...

Detalles Bibliográficos
Autor principal: BILLUART, Carlos Renato
Formato: Libro
Publicado: s.l. 1798
Edición:2a. ed.
Materias:
Colección:Banco de datos
Acervo:Biblioteca del Ex Convento de Nuestra Señora de Guadalupe. Zacatecas
Tema general:Teología
Notas:Buena. VI,3,10(1749)
LEADER 00803nam a22002050004500
035 |a 39405 
036 |a 589 
100 1 |a BILLUART, Carlos Renato 
245 1 0 |a Summa S. Thomae hodiernis academicarum moribus accommodata, sive cursus theologiae juxta ordinem et litteram D. Thomae in sua suma...  |c com. Petri del Campo y Lago 
250 |a 2a. ed. 
260 |a s.l.  |b tipografía Raimond Ruíz  |c 1798 
500 |a Buena. VI,3,10(1749) 
650 1 0 |a Teología 
949 |a CRZ-CG 
959 |a Ex convento de Nuestra Señora de Guadalupe, Museo Regional de Zacatecas, Zacatecas  |b CCC4 
960 |a Convento de Nuestra Señora de Guadalupe, Zacatecas  |b DD87 
961 |a Franciscana  |b OF 
942 |c CRZ-CG 
943 |g Biblioteca del Ex Convento de Nuestra Señora de Guadalupe. Zacatecas 
999 |c 963532  |d 963532